00719nam a2200217Ia 4500003000900000008004100009020002200050040001600072080001500088100002700103245007700130260003200207300001500239490002600254650001800280650002200298650002900320942000700349999001700356952012800373IN-BaIIA211028s9999 xx 000 0 eng d a978-3-319-09893-7 cIIA Library a524.4bFIN aSengupta, Sujan936211 0aWorlds beyond our ownbthe search for habitable planetscSujan Sengupta  aSwitzerlandbSpringerc2015 axvi, 154p. aAstronomers' universe aAstronomy980 aExobiology920584 aHabitable planets931559 cBK c18968d18968 00104070aBANbBANcGENd2015-02-27eBBI g500.00l0o523.4/ SENp19890r2021-11-05v500.00w2015-02-27yBKGRs. 500.00